| 000 | 00418nam a2200169Ia 4500 | ||
|---|---|---|---|
| 008 | 180921t2014 xxu||||| |||| 00| 0 sin d | ||
| 041 | _asin | ||
| 080 |
_a8S2 _bSHE |
||
| 100 | _aShakespear, William | ||
| 245 | _aජුලියස් සීසර් | ||
| 246 | _aJulious caesar | ||
| 260 |
_bGodage _aColombo _c2014 |
||
| 300 | _b21 cm | ||
| 942 | _cBK | ||
| 999 |
_c5091 _d5091 |
||
| 003 | LK-CoDNM | ||
| 040 |
_aLK-CoDNM _dLK-CoDNM _eLK-CoDNM |
||